Á lódáil...

Comparative politics : continuity and breakdown in the contemporary world /

Sonraí Bibleagrafaíochta
Príomhúdar: Zagorski, Paul W.
Formáid: Printed Book
Teanga:English
Foilsithe: London ; New York : Routledge, 2009.
Ábhair:
Rochtain Ar Líne:Table of contents only
LEADER 01533cam a2200385 a 4500
001 15392595
003 OSt
005 20200817192042.0
008 080801s2009 enkab b 001 0 eng
999 |c 296107  |d 296107 
010 |a  2008034148 
015 |a GBA8D3752  |2 bnb 
016 7 |a 014836539  |2 Uk 
020 |a 9780415777285 (hbk.) 
020 |a 0415777283 (hbk.) 
020 |a 9780415777292 (pbk.) 
020 |a 0415777291 (pbk.) 
020 |a 9780203882474 (ebook) 
020 |a 0203882474 (ebook) 
035 |a (OCoLC)ocn227918213 
040 |a DLC  |c DLC  |d BTCTA  |d BAKER  |d UKM  |d YDXCP  |d CDX  |d BWKUK  |d BWK  |d DLC 
050 0 0 |a JF51  |b .Z33 2009 
082 0 0 |a 320.6 ZAG.C  |2 22 
100 1 |a Zagorski, Paul W. 
245 1 0 |a Comparative politics :  |b continuity and breakdown in the contemporary world /  |c Paul W. Zagorski. 
260 |a London ;  |a New York :  |b Routledge,  |c 2009. 
300 |a xiii, 623 p. :  |b ill., maps ;  |c 26 cm. 
504 |a Includes bibliographical references (p. 591-602) and index. 
650 0 |a Comparative government. 
650 0 |a Comparative government  |v Case studies. 
856 4 1 |3 Table of contents only  |u http://www.loc.gov/catdir/toc/ecip0825/2008034148.html 
906 |a 7  |b cbc  |c orignew  |d 1  |e ecip  |f 20  |g y-gencatlg 
942 |2 ddc  |c BK 
955 |a sf03 2008-08-01  |i sf03 2008-08-01 (telework)  |a aa19 2008-08-06  |a xe11 2009-06-04 1 copy rec'd., to CIP ver. 
952 |0 0  |1 0  |2 ddc  |4 0  |6 320_600000000000000_ZAG_C  |7 0  |8 REF  |9 315411  |a POL  |b POL  |c REF  |d 2020-08-17  |l 0  |o 320.6 ZAG.C  |p POL18525  |r 2020-08-17  |w 2020-08-17  |y BK